<?xml version="1.0" encoding="UTF-8"?>
<record
    xmlns:xsi="http://www.w3.org/2001/XMLSchema-instance"
    xsi:schemaLocation="http://www.loc.gov/MARC21/slim http://www.loc.gov/standards/marcxml/schema/MARC21slim.xsd"
    xmlns="http://www.loc.gov/MARC21/slim">

  <leader>00275nam a22001097a 4500</leader>
  <controlfield tag="005">20250527123456.0</controlfield>
  <controlfield tag="008">230530b        |||||||| |||| 00| 0 eng d</controlfield>
  <datafield tag="022" ind1=" " ind2=" ">
    <subfield code="a">9770973847001</subfield>
  </datafield>
  <datafield tag="245" ind1=" " ind2=" ">
    <subfield code="a">THE IUP Journal of SOFT SKILLS</subfield>
  </datafield>
  <datafield tag="260" ind1=" " ind2=" ">
    <subfield code="b">IUP PUBLICATIONS</subfield>
    <subfield code="c">MAR-2019</subfield>
  </datafield>
  <datafield tag="942" ind1=" " ind2=" ">
    <subfield code="c">JRL</subfield>
  </datafield>
  <datafield tag="999" ind1=" " ind2=" ">
    <subfield code="c">8309</subfield>
    <subfield code="d">8307</subfield>
  </datafield>
  <datafield tag="952" ind1=" " ind2=" ">
    <subfield code="0">0</subfield>
    <subfield code="1">0</subfield>
    <subfield code="4">0</subfield>
    <subfield code="7">0</subfield>
    <subfield code="8">IUP JOURNALS</subfield>
    <subfield code="a">JRU</subfield>
    <subfield code="b">JRU</subfield>
    <subfield code="c">JRL</subfield>
    <subfield code="d">2023-05-30</subfield>
    <subfield code="e">PURCHASE</subfield>
    <subfield code="h">VOL-XIII ,ISSUE NO.-1  MAR-2019</subfield>
    <subfield code="l">0</subfield>
    <subfield code="p">SS0001</subfield>
    <subfield code="r">2023-05-30 00:00:00</subfield>
    <subfield code="w">2023-05-30</subfield>
    <subfield code="y">JRL</subfield>
  </datafield>
  <datafield tag="952" ind1=" " ind2=" ">
    <subfield code="0">0</subfield>
    <subfield code="1">0</subfield>
    <subfield code="4">0</subfield>
    <subfield code="7">0</subfield>
    <subfield code="8">IUP JOURNALS</subfield>
    <subfield code="a">JRU</subfield>
    <subfield code="b">JRU</subfield>
    <subfield code="c">JRL</subfield>
    <subfield code="d">2025-10-03</subfield>
    <subfield code="e">PURCHASE</subfield>
    <subfield code="h">VOL-XIII ,ISSUE NO.-2  JUNE 2019</subfield>
    <subfield code="l">0</subfield>
    <subfield code="p">SS0002</subfield>
    <subfield code="r">2023-05-30 00:00:00</subfield>
    <subfield code="w">2025-10-03</subfield>
    <subfield code="y">JRL</subfield>
  </datafield>
  <datafield tag="952" ind1=" " ind2=" ">
    <subfield code="0">0</subfield>
    <subfield code="1">0</subfield>
    <subfield code="4">0</subfield>
    <subfield code="7">0</subfield>
    <subfield code="a">JRU</subfield>
    <subfield code="b">JRU</subfield>
    <subfield code="d">2023-05-30</subfield>
    <subfield code="e">PURCHASE</subfield>
    <subfield code="h">VOL-XIII ,ISSUE NO.-3 SEP 2019</subfield>
    <subfield code="l">0</subfield>
    <subfield code="p">SS0003</subfield>
    <subfield code="r">2023-05-30 00:00:00</subfield>
    <subfield code="w">2023-05-30</subfield>
    <subfield code="y">JRL</subfield>
  </datafield>
  <datafield tag="952" ind1=" " ind2=" ">
    <subfield code="0">0</subfield>
    <subfield code="1">0</subfield>
    <subfield code="4">0</subfield>
    <subfield code="7">0</subfield>
    <subfield code="a">JRU</subfield>
    <subfield code="b">JRU</subfield>
    <subfield code="d">2023-05-30</subfield>
    <subfield code="e">PURCHASE</subfield>
    <subfield code="h">VOL-XIII ,ISSUE NO.-4  DEC 2019</subfield>
    <subfield code="l">0</subfield>
    <subfield code="p">SS0004</subfield>
    <subfield code="r">2023-05-30 00:00:00</subfield>
    <subfield code="w">2023-05-30</subfield>
    <subfield code="y">JRL</subfield>
  </datafield>
  <datafield tag="952" ind1=" " ind2=" ">
    <subfield code="0">0</subfield>
    <subfield code="1">0</subfield>
    <subfield code="4">0</subfield>
    <subfield code="7">0</subfield>
    <subfield code="a">JRU</subfield>
    <subfield code="b">JRU</subfield>
    <subfield code="d">2023-05-30</subfield>
    <subfield code="e">PURCHASE</subfield>
    <subfield code="h">VOL-XIV ,ISSUE NO.-1  MAR-2020</subfield>
    <subfield code="l">0</subfield>
    <subfield code="p">SS0005</subfield>
    <subfield code="r">2023-05-30 00:00:00</subfield>
    <subfield code="w">2023-05-30</subfield>
    <subfield code="y">JRL</subfield>
  </datafield>
  <datafield tag="952" ind1=" " ind2=" ">
    <subfield code="0">0</subfield>
    <subfield code="1">0</subfield>
    <subfield code="4">0</subfield>
    <subfield code="7">0</subfield>
    <subfield code="a">JRU</subfield>
    <subfield code="b">JRU</subfield>
    <subfield code="d">2023-05-30</subfield>
    <subfield code="e">PURCHASE</subfield>
    <subfield code="h">VOL-15 ,ISSUE NO.-3 SEP-2021</subfield>
    <subfield code="l">0</subfield>
    <subfield code="p">SS0006</subfield>
    <subfield code="r">2023-05-30 00:00:00</subfield>
    <subfield code="w">2023-05-30</subfield>
    <subfield code="y">JRL</subfield>
  </datafield>
  <datafield tag="952" ind1=" " ind2=" ">
    <subfield code="0">0</subfield>
    <subfield code="1">0</subfield>
    <subfield code="4">0</subfield>
    <subfield code="7">0</subfield>
    <subfield code="8">IUP JOURNALS</subfield>
    <subfield code="a">JRU</subfield>
    <subfield code="b">JRU</subfield>
    <subfield code="c">JRL</subfield>
    <subfield code="d">2024-02-19</subfield>
    <subfield code="e">PURCHASE</subfield>
    <subfield code="h">VOL-17 ,ISSUE NO.4</subfield>
    <subfield code="l">0</subfield>
    <subfield code="p">SS0010</subfield>
    <subfield code="r">2023-05-30 00:00:00</subfield>
    <subfield code="w">2024-02-19</subfield>
    <subfield code="y">JRL</subfield>
  </datafield>
  <datafield tag="952" ind1=" " ind2=" ">
    <subfield code="0">0</subfield>
    <subfield code="1">0</subfield>
    <subfield code="4">0</subfield>
    <subfield code="7">0</subfield>
    <subfield code="8">MANAGEMENT</subfield>
    <subfield code="a">JRU</subfield>
    <subfield code="b">JRU</subfield>
    <subfield code="c">JRL</subfield>
    <subfield code="d">2023-06-30</subfield>
    <subfield code="e">PURCHASE</subfield>
    <subfield code="h">VOI-71, ISSUE-1 [MAR-2023]</subfield>
    <subfield code="l">0</subfield>
    <subfield code="p">SS0007</subfield>
    <subfield code="r">2024-02-20 14:47:20</subfield>
    <subfield code="w">2023-06-30</subfield>
    <subfield code="y">JRL</subfield>
  </datafield>
  <datafield tag="952" ind1=" " ind2=" ">
    <subfield code="0">0</subfield>
    <subfield code="1">0</subfield>
    <subfield code="4">0</subfield>
    <subfield code="7">0</subfield>
    <subfield code="8">MANAGEMENT</subfield>
    <subfield code="a">JRU</subfield>
    <subfield code="b">JRU</subfield>
    <subfield code="c">JRL</subfield>
    <subfield code="d">2025-05-27</subfield>
    <subfield code="e">SUBSCRIPTION</subfield>
    <subfield code="h">VOL-19, NO-01 [MAR-2025]</subfield>
    <subfield code="l">0</subfield>
    <subfield code="p">SS0011</subfield>
    <subfield code="r">2025-05-27 12:46:59</subfield>
    <subfield code="w">2025-05-27</subfield>
    <subfield code="y">JRL</subfield>
  </datafield>
  <datafield tag="952" ind1=" " ind2=" ">
    <subfield code="0">0</subfield>
    <subfield code="1">0</subfield>
    <subfield code="4">0</subfield>
    <subfield code="7">0</subfield>
    <subfield code="8">IUP JOURNALS</subfield>
    <subfield code="a">JRU</subfield>
    <subfield code="b">JRU</subfield>
    <subfield code="c">JRL</subfield>
    <subfield code="d">2025-10-03</subfield>
    <subfield code="e">PURCHASE</subfield>
    <subfield code="h">VOL-19, ISSUE-02 [APR-JUNE 2025]</subfield>
    <subfield code="l">0</subfield>
    <subfield code="p">SS0012</subfield>
    <subfield code="r">2025-10-03 14:37:32</subfield>
    <subfield code="w">2025-10-03</subfield>
    <subfield code="y">JRL</subfield>
  </datafield>
  <datafield tag="952" ind1=" " ind2=" ">
    <subfield code="0">0</subfield>
    <subfield code="1">0</subfield>
    <subfield code="4">0</subfield>
    <subfield code="7">0</subfield>
    <subfield code="a">JRU</subfield>
    <subfield code="b">JRU</subfield>
    <subfield code="c">JRL</subfield>
    <subfield code="d">2026-01-07</subfield>
    <subfield code="e">PURCHASE</subfield>
    <subfield code="h">VOI-19, ISSUE-3 [JULY-SEP-2025]</subfield>
    <subfield code="l">0</subfield>
    <subfield code="p">SS0013</subfield>
    <subfield code="r">2026-01-07 07:27:38</subfield>
    <subfield code="w">2026-01-07</subfield>
    <subfield code="y">JRL</subfield>
  </datafield>
  <datafield tag="952" ind1=" " ind2=" ">
    <subfield code="0">0</subfield>
    <subfield code="1">0</subfield>
    <subfield code="4">0</subfield>
    <subfield code="7">0</subfield>
    <subfield code="a">JRU</subfield>
    <subfield code="b">JRU</subfield>
    <subfield code="c">JRL</subfield>
    <subfield code="d">2026-03-17</subfield>
    <subfield code="e">PURCHASE</subfield>
    <subfield code="h">VOI-19, ISSUE-4 [OCT-DEC-2026]</subfield>
    <subfield code="l">0</subfield>
    <subfield code="p">SS0014</subfield>
    <subfield code="r">2026-03-17 06:45:12</subfield>
    <subfield code="w">2026-03-17</subfield>
    <subfield code="y">JRL</subfield>
  </datafield>
</record>
